The Return of the Native

محفوظ في:
التفاصيل البيبلوغرافية
المؤلف الرئيسي: Hardy, Thomas
التنسيق: كتاب
اللغة:Undetermined
منشور في: Londres, Inglaterra Macmillan & Co. 1943
الموضوعات:
الوسوم: إضافة وسم
لا توجد وسوم, كن أول من يضع وسما على هذه التسجيلة!

MARC

LEADER 00000nam a2200000Ia 4500
008 170316s9999 xx 000 0 und d
040 |a cru BVZT 
090 |a 820 H-3r 
100 |a Hardy, Thomas 
245 4 |a The Return of the Native 
260 |a Londres, Inglaterra 
260 |b Macmillan & Co. 
260 |c 1943 
300 |a 505 páginas 
650 |a LITERATURA INGLESA 
999 |c 6946  |d 6946 
942 |c 15 D  |h 820 H-3r  |2 z